Citizens''s involvement and social policies in Chile: Patronage or participation? /
Guardado en:
| Autor principal: | |
|---|---|
| Formato: | Texto |
| Etiquetas: |
Agregar Etiqueta
Sin Etiquetas, Sea el primero en etiquetar este registro!
|
MARC
| LEADER | 00000 a a2200000 04500 | ||
|---|---|---|---|
| 001 | 41562 | ||
| 003 | |||
| 040 | |||
| 100 | |a Espinoza, Vicente | ||
| 245 | |a Citizens''s involvement and social policies in Chile: |b Patronage or participation? / |c Vicente Espinoza | ||
| 773 | |g número97 (2009), páginas 273-294 | ||
| 999 | |c 31227 |d 31227 | ||
